[Event "Prague Golden Seniors 65 op"]
[Site "Prague"]
[Date "2024.06.24"]
[Round "3"]
[White "Feierfeil, Jiri"]
[Black "Krnak, Vladimir"]
[Result "1-0"]
[WhiteElo "1717"]
[BlackElo "1735"]
[PlyCount "139"]
[EventDate "2024.06.22"]
[EventType "swiss"]
[EventRounds "7"]
[EventCountry "CZE"]
[SourceTitle "CBM 220 Extra"]
[Source "ChessBase"]
[SourceDate "2024.07.31"]
[SourceVersion "1"]
[SourceVersionDate "2024.07.31"]
[SourceQuality "1"]

1. d4 d5 2. Bf4 e6 3. e3 Nf6 4. Nd2 Bd6 5. Bg3 0-0 6. Bd3 c5 7. c3 c4 8. Bc2 b5 9. a3 Bb7 10. Ngf3 Ne4 11. Nxe4 dxe4 12. Nd2 f5 13. Bxd6 Qxd6 14. Qe2 Bd5 15. f3 exf3 16. gxf3 e5 17. e4 fxe4 18. fxe4 Bf7 19. 0-0-0 exd4 20. cxd4 Nc6 21. d5 Nd4 22. Qe3 Nxc2 23. Kxc2 Rfe8 24. Qd4 Bg6 25. Rde1 a5 26. Kb1 Rad8 27. Ka2 a4 28. h4 Qe5 29. Qxe5 Rxe5 30. Rhf1 Rf8 31. Rxf8+ Kxf8 32. Rf1+ Ke8 33. Rf4 Ke7 34. Rg4 Kd6 35. Rg5 Re7 36. Kb1 Be8 37. Kc2 g6 38. Kc3 h6 39. Rg2 Kc5 40. Rf2 Rf7 41. Rf3 g5 42. hxg5 hxg5 43. Rg3 Rg7 44. Nf3 g4 45. Ne5 Bh5 46. Nc6 Rg5 47. Nd4 Re5 48. Ne6+ Kd6 49. Kd4 Bf7 50. Rxg4 Rh5 51. Nf4 Rh2 52. Rg2 Rh4 53. e5+ Ke7 54. d6+ Kd7 55. Ke3 Rh7 56. Rd2 Be6 57. Rg2 Bf5 58. Rg5 Bb1 59. Nh5 Ke6 60. Kd4 Bc2 61. Nf4+ Kd7 62. Nh5 Ke6 63. Ng7+ Kf7 64. e6+ Kf8 65. Nf5 Bxf5 66. Rxf5+ Ke8 67. Rxb5 Rh4+ 68. Kc3 Rh3+ 69. Kxc4 Rb3 70. Rxb3 1-0

[Event "Mid Bohemia Region-chT 2223"]
[Site "Czech Republic"]
[Date "2022.10.30"]
[Round "2.1"]
[White "Jacko, Vladimir1"]
[Black "Feierfeil, Jiri"]
[Result "1-0"]
[WhiteElo "2387"]
[BlackElo "1697"]
[PlyCount "92"]
[EventDate "2022.10.09"]
[EventType "team-tourn"]
[EventRounds "11"]
[EventCountry "CZE"]
[SourceTitle "EXT 2024"]
[Source "ChessBase"]
[SourceDate "2023.10.10"]
[SourceVersion "1"]
[SourceVersionDate "2023.10.10"]
[SourceQuality "1"]
[WhiteTeam "Kralupy nad Vltavou"]
[BlackTeam "Brodce"]
[WhiteTeamCountry "CZE"]
[BlackTeamCountry "CZE"]

1. d4 Nf6 2. Nc3 d5 3. Bg5 Nbd7 4. f3 e6 5. e4 h6 6. Bh4 g5 7. Bg3 a6 8. exd5 exd5 9. Qe2+ Qe7 10. Bxc7 Qxe2+ 11. Ngxe2 Bg7 12. h4 Nf8 13. hxg5 hxg5 14. Rxh8 Bxh8 15. Be5 Be6 16. 0-0-0 N8d7 17. Bh2 Bg7 18. Kb1 Ke7 19. Ng3 Rh8 20. Bg1 Nh5 21. Nxh5 Rxh5 22. Be3 f5 23. g3 Kd6 24. Bd3 Bf6 25. Ne2 b5 26. a4 Kc6 27. Nc3 b4 28. Na2 a5 29. Re1 Kd6 30. c3 bxc3 31. Nxc3 Nb8 32. Nb5+ Kd7 33. Na7 Rh3 34. Bf2 Rh2 35. Re2 Rxf2 36. Rxf2 Bxd4 37. Rh2 Bxa7 38. Rh7+ Kd6 39. Rxa7 Nc6 40. Ra6 Bc8 41. Rb6 Kc5 42. Rb3 d4 43. Rb5+ Kd6 44. Bxf5 Ba6 45. Rb6 Bc4 46. Be4 Bd5 1-0

[Event "Ricany op 20th"]
[Site "Ricany"]
[Date "2022.09.02"]
[Round "8"]
[White "Feierfeil, Jiri"]
[Black "Zabehlicky, Jiri"]
[Result "1-0"]
[WhiteElo "1684"]
[BlackElo "1429"]
[PlyCount "91"]
[EventDate "2022.08.27"]
[EventType "swiss"]
[EventRounds "9"]
[EventCountry "CZE"]
[SourceTitle "CBM 210 Extra"]
[Source "ChessBase"]
[SourceDate "2022.11.30"]
[SourceVersion "1"]
[SourceVersionDate "2022.11.30"]
[SourceQuality "1"]

1. d4 Nf6 2. c4 b6 3. Nc3 Bb7 4. e3 d5 5. Nf3 e6 6. Be2 Be7 7. 0-0 0-0 8. b3 Ne4 9. Nxe4 dxe4 10. Nd2 f5 11. f4 Nd7 12. Bb2 Bf6 13. Qc2 c5 14. Rad1 Qe8 15. Nb1 Rd8 16. Nc3 a6 17. d5 Nb8 18. a4 Kh8 19. Rd2 exd5 20. cxd5 Rd6 21. Rfd1 Qe7 22. Ba3 Nd7 23. g4 Bxc3 24. Qxc3 Rg6 25. g5 h6 26. Bh5 Rd6 27. gxh6 Rxh6 28. Be2 Qh4 29. Bf1 Rg6+ 30. Rg2 Rxg2+ 31. Bxg2 Rf6 32. Qd2 Rg6 33. Qc2 Rh6 34. h3 Qg3 35. Qf2 Rxh3 36. Qxg3 Rxg3 37. Kf2 Rg6 38. Bb2 Rh6 39. Kg3 Kg8 40. Bh3 g6 41. Rd2 Kf7 42. Bf1 Ke7 43. Bc4 Rh7 44. Rg2 Kf8 45. Kf2 Rh6 46. Be5 1-0

[Event "Ricany op 20th"]
[Site "Ricany"]
[Date "2022.08.31"]
[Round "6"]
[White "Feierfeil, Jiri"]
[Black "Pressler, Tobias"]
[Result "0-1"]
[WhiteElo "1684"]
[BlackElo "1821"]
[PlyCount "112"]
[EventDate "2022.08.27"]
[EventType "swiss"]
[EventRounds "9"]
[EventCountry "CZE"]
[SourceTitle "CBM 210 Extra"]
[Source "ChessBase"]
[SourceDate "2022.11.30"]
[SourceVersion "1"]
[SourceVersionDate "2022.11.30"]
[SourceQuality "1"]

1. d4 d5 2. g3 Nf6 3. Bg2 g6 4. Nf3 Bg7 5. 0-0 0-0 6. Nbd2 Nbd7 7. Re1 c5 8. e3 b6 9. c3 Bb7 10. b3 Rc8 11. Bb2 Qc7 12. Rc1 e5 13. dxe5 Nxe5 14. Nxe5 Qxe5 15. Nf3 Qe7 16. Qc2 Rfd8 17. Nd2 Ne4 18. Nxe4 dxe4 19. Red1 f5 20. h4 Qe6 21. Bf1 Kf8 22. Rxd8+ Rxd8 23. Rd1 Rd6 24. Rxd6 Qxd6 25. Be2 Ke7 26. c4 Be5 27. Kf1 Qf6 28. Bxe5 Qxe5 29. Qd2 h6 30. Kg2 g5 31. hxg5 hxg5 32. Qd1 f4 33. Bg4 Bc6 34. gxf4 gxf4 35. exf4 Qxf4 36. Qe2 Kf6 37. Kh3 Kg6 38. Qe3 Kg5 39. Bd1 Bd7+ 40. Kg2 Bg4 41. Bc2 Bf3+ 42. Kf1 Kg4 43. Qxf4+ Kxf4 44. Ke1 e3 45. fxe3+ Kxe3 46. Bg6 Be2 47. Bc2 a5 48. a4 Bd3 49. Kd1 Bxc2+ 50. Kxc2 Ke2 51. Kb1 Kd1 52. Ka1 Kc1 53. Ka2 Kc2 54. Ka3 Kb1 55. b4 axb4+ 56. Kb3 Kc1 0-1

[Event "Ricany op"]
[Site "Ricany"]
[Date "2020.08.22"]
[Round "1"]
[White "Feierfeil, Jiri"]
[Black "Lhotsky, Frantisek"]
[Result "0-1"]
[WhiteElo "1719"]
[BlackElo "1975"]
[PlyCount "100"]
[EventDate "2020.08.22"]
[EventType "swiss"]
[EventRounds "9"]
[EventCountry "CZE"]
[SourceTitle "CBM 198 Extra"]
[Source "ChessBase"]
[SourceDate "2020.11.30"]
[SourceVersion "1"]
[SourceVersionDate "2020.11.30"]
[SourceQuality "1"]

1. d4 d5 2. Bf4 c5 3. e3 Nc6 4. Nf3 Nf6 5. Nbd2 Bf5 6. c3 Qb6 7. Qc1 e6 8. Be2 Nh5 9. Bg3 Nxg3 10. hxg3 h6 11. dxc5 Bxc5 12. Nb3 Bd6 13. Nbd4 Bg6 14. Qd2 Rd8 15. 0-0 e5 16. Nxc6 bxc6 17. g4 0-0 18. b3 Bb8 19. g3 f5 20. gxf5 Bxf5 21. Kg2 Qc7 22. Nh4 Be4+ 23. Kg1 g5 24. Ng2 Bf3 25. Bxf3 Rxf3 26. Qe2 e4 27. c4 Rdf8 28. cxd5 cxd5 29. Rad1 Qe5 30. Qb5 R3f5 31. Qe2 Rf3 32. Qb5 R3f5 33. Qe2 Kg7 34. Qg4 Qb2 35. Nf4 Bxf4 36. exf4 Kg6 37. Rc1 Qf6 38. Rc5 h5 39. Qe2 gxf4 40. Rfc1 Qg5 41. Rc6+ R8f6 42. Rxf6+ Rxf6 43. Rc8 Kg7 44. Qb5 fxg3 45. Rc7+ Kh6 46. Qf1 gxf2+ 47. Kh2 Qf4+ 48. Kh3 Qg4+ 49. Kh2 Qh4+ 50. Qh3 Qxh3+ 0-1

[Event "WchT Seniors 50"]
[Site "Prague"]
[Date "2020.03.10"]
[Round "5.20"]
[White "Bartak, Vladimir"]
[Black "Feierfeil, Jiri"]
[Result "1-0"]
[WhiteElo "2276"]
[BlackElo "1721"]
[PlyCount "79"]
[EventDate "2020.03.06"]
[EventType "team-swiss"]
[EventRounds "7"]
[EventCountry "CZE"]
[SourceTitle "CBM 195 Extra"]
[Source "ChessBase"]
[SourceDate "2020.05.31"]
[SourceVersion "1"]
[SourceVersionDate "2020.05.31"]
[SourceQuality "1"]
[WhiteTeam "Czech Republic 50 VI"]
[BlackTeam "Czech Republic 50 XVI"]
[WhiteTeamCountry "CZE"]
[BlackTeamCountry "CZE"]

1. c4 c5 2. Nf3 Nc6 3. g3 Nf6 4. Nc3 e6 5. e4 e5 6. Bg2 d6 7. 0-0 Bg4 8. h3 Bxf3 9. Bxf3 Be7 10. Bg2 Nd4 11. Nb5 Nc6 12. a3 a6 13. Nc3 0-0 14. Rb1 a5 15. Nb5 Ne8 16. d3 Bg5 17. f4 exf4 18. gxf4 Bf6 19. Be3 Nc7 20. e5 Nxb5 21. cxb5 Nxe5 22. fxe5 Bxe5 23. Bxb7 Rb8 24. Bc6 Qh4 25. Qg4 Qe7 26. Kh1 Rxb5 27. Bxb5 Qb7+ 28. Qe4 Qxb5 29. Qd5 Qd7 30. Rf3 a4 31. d4 cxd4 32. Bxd4 Qc7 33. Bxe5 dxe5 34. Re1 Re8 35. Ref1 Rf8 36. Rf5 Qc8 37. Kg2 h6 38. Rxf7 Rxf7 39. Qxf7+ Kh7 40. Qf5+ 1-0

[Event "WchT Seniors 50"]
[Site "Prague"]
[Date "2020.03.09"]
[Round "4.21"]
[White "Feierfeil, Jiri"]
[Black "Pauch, Jan"]
[Result "1/2-1/2"]
[WhiteElo "1721"]
[BlackElo "2004"]
[PlyCount "132"]
[EventDate "2020.03.06"]
[EventType "team-swiss"]
[EventRounds "7"]
[EventCountry "CZE"]
[SourceTitle "CBM 195 Extra"]
[Source "ChessBase"]
[SourceDate "2020.05.31"]
[SourceVersion "1"]
[SourceVersionDate "2020.05.31"]
[SourceQuality "1"]
[WhiteTeam "Czech Republic 50 XVI"]
[BlackTeam "Czech Republic 50 X"]
[WhiteTeamCountry "CZE"]
[BlackTeamCountry "CZE"]

1. d4 Nf6 2. c4 e6 3. Nc3 c5 4. d5 exd5 5. cxd5 d6 6. e4 g6 7. Bd3 Bg7 8. h3 0-0 9. Nge2 a6 10. a4 Re8 11. 0-0 c4 12. Bc2 Nbd7 13. Be3 Qc7 14. Qd2 Nc5 15. Ng3 b6 16. Bd4 Rb8 17. f4 Ncd7 18. Rfe1 Bb7 19. Qf2 Ba8 20. Nf1 Nh5 21. Bxg7 Kxg7 22. g4 Nhf6 23. Kh2 Qc5 24. Qd2 h6 25. Ng3 Re7 26. Bd1 Rbe8 27. Bf3 Nh7 28. h4 Rb8 29. Nce2 Qf2+ 30. Bg2 Nhf6 31. Qc3 Kh7 32. Rf1 Qc5 33. Bf3 Rbe8 34. Qc2 Kh8 35. g5 hxg5 36. hxg5 Nh7 37. Qc3+ Kg8 38. Kg2 Ne5 39. fxe5 Rxe5 40. Rh1 Nxg5 41. Rh6 Kf8 42. Rh8+ Ke7 43. Rxe8+ Kxe8 44. Rh1 Ke7 45. Rh8 Bb7 46. Nd4 Kf6 47. Nc2 Bc8 48. Ne3 Kg7 49. Rh4 b5 50. axb5 axb5 51. Nc2 f6 52. Rh1 Nf7 53. Qd4 Qc7 54. Ne3 Rg5 55. Kf2 Qd7 56. Rh4 Ne5 57. Be2 Qc7 58. Rh1 Qd7 59. Rh4 Qc7 60. Ng2 Bd7 61. Ne1 Bg4 62. Nf3 Bxf3 63. Bxf3 Nd3+ 64. Kg2 Ne1+ 65. Kf2 Nd3+ 66. Kg2 Ne1+ 1/2-1/2

[Event "Prague Golden op 14th"]
[Site "Prague"]
[Date "2018.07.04"]
[Round "5"]
[White "Nemecek, Pavel2"]
[Black "Feierfeil, Jiri"]
[Result "0-1"]
[WhiteElo "1383"]
[BlackElo "1807"]
[PlyCount "62"]
[EventDate "2018.06.30"]
[EventType "swiss"]
[EventRounds "9"]
[EventCountry "CZE"]
[SourceTitle "CBM 185 Extra"]
[Source "ChessBase"]
[SourceDate "2018.07.29"]
[SourceVersion "1"]
[SourceVersionDate "2018.07.29"]
[SourceQuality "1"]

1. e4 c5 2. Nf3 d6 3. d4 cxd4 4. Nxd4 a6 5. Nc3 Nf6 6. f3 e6 7. Be3 Be7 8. Qd2 b5 9. 0-0-0 Bb7 10. Nb3 0-0 11. g4 Nc6 12. h4 Ne5 13. Be2 Nc4 14. Bxc4 bxc4 15. Nd4 Nd7 16. Nde2 Qa5 17. a3 Ne5 18. Nd4 Rab8 19. Qe2 d5 20. f4 Nc6 21. g5 dxe4 22. Nxe4 c3 23. Nb3 cxb2+ 24. Kxb2 Qxa3+ 25. Kb1 Nb4 26. Nc3 Bxh1 27. Bc1 Nd5 28. Nxd5 Rxb3+ 29. cxb3 Qxb3+ 30. Qb2 Qxb2+ 31. Bxb2 Bxd5 0-1

[Event "Prague Golden op 14th"]
[Site "Prague"]
[Date "2018.07.03"]
[Round "4"]
[White "Feierfeil, Jiri"]
[Black "Konvalinka, Vladislav"]
[Result "1/2-1/2"]
[WhiteElo "1807"]
[BlackElo "1725"]
[PlyCount "134"]
[EventDate "2018.06.30"]
[EventType "swiss"]
[EventRounds "9"]
[EventCountry "CZE"]
[SourceTitle "CBM 185 Extra"]
[Source "ChessBase"]
[SourceDate "2018.07.29"]
[SourceVersion "1"]
[SourceVersionDate "2018.07.29"]
[SourceQuality "1"]

1. d4 d5 2. Bf4 Nf6 3. e3 Bf5 4. Nf3 Nbd7 5. h3 e6 6. Nbd2 Be7 7. Ne5 Nxe5 8. Bxe5 0-0 9. Nf3 c5 10. c3 Qb6 11. Qc1 Nd7 12. Bg3 cxd4 13. Nxd4 Be4 14. f3 Bg6 15. Be2 Nc5 16. Qd2 Rac8 17. Rc1 Na4 18. Nb3 Nc5 19. Nxc5 Bxc5 20. Bf2 Qd6 21. 0-0 Bb6 22. c4 Bc7 23. g3 dxc4 24. Qxd6 Bxd6 25. Bxc4 Rc7 26. Bb3 Bd3 27. Rxc7 Bxc7 28. Rd1 Bb5 29. e4 a6 30. f4 Rd8 31. Rc1 Bc6 32. Be3 Ba5 33. e5 Bd2 34. Bxd2 Rxd2 35. Rc2 Rxc2 36. Bxc2 h6 37. h4 Kf8 38. Kf2 Ke7 39. b4 b6 40. Ke3 f5 41. exf6+ Kxf6 42. Kd4 Bd5 43. a3 Bf3 44. Bd3 Bb7 45. h5 a5 46. bxa5 bxa5 47. Be4 Ba6 48. Bg6 Be2 49. Ke3 Bd1 50. Kd4 Be2 51. Kc5 e5 52. fxe5+ Kxe5 53. Kb6 a4 54. Ka5 Bd1 55. Be8 Kd6 56. Bxa4 Bxh5 57. Kb6 Bf3 58. Be8 h5 59. Bg6 Ke5 60. a4 Kf6 61. Be8 g5 62. a5 h4 63. gxh4 gxh4 64. Bd7 Bg2 65. a6 h3 66. Bxh3 Bxh3 67. a7 Bg2 1/2-1/2

[Event "Ricany op-A"]
[Site "Ricany"]
[Date "2011.08.27"]
[Round "9"]
[White "Feierfeil, Jiri"]
[Black "Hybl, Vladislav"]
[Result "1-0"]
[WhiteElo "1858"]
[BlackElo "1925"]
[PlyCount "61"]
[EventDate "2011.08.20"]
[EventType "swiss"]
[EventRounds "9"]
[EventCountry "CZE"]
[SourceTitle "CBM 144 Extra"]
[Source "ChessBase"]
[SourceDate "2011.10.28"]
[SourceVersion "1"]
[SourceVersionDate "2011.10.28"]
[SourceQuality "1"]

1. d4 d5 2. Bf4 Nf6 3. Nf3 Bf5 4. e3 e6 5. Nbd2 Bd6 6. Ne5 0-0 7. Be2 c5 8. c3 Nc6 9. g4 Be4 10. f3 Bg6 11. h4 h6 12. Nxg6 fxg6 13. Bxd6 Qxd6 14. f4 cxd4 15. cxd4 Ne7 16. g5 Nh7 17. gxh6 gxh6 18. Bd3 Rf6 19. Rg1 Kh8 20. Nf3 Nf5 21. Qd2 Rd8 22. Bxf5 gxf5 23. Ne5 Rg8 24. 0-0-0 Qd7 25. Kb1 Nf8 26. h5 Nh7 27. Rxg8+ Kxg8 28. Rg1+ Kf8 29. Qb4+ Ke8 30. Rg7 Qd8 31. Nd7 1-0

[Event "Ricany op-A"]
[Site "Ricany"]
[Date "2011.08.26"]
[Round "8"]
[White "Hronik, Petr"]
[Black "Feierfeil, Jiri"]
[Result "1/2-1/2"]
[WhiteElo "1966"]
[BlackElo "1858"]
[PlyCount "140"]
[EventDate "2011.08.20"]
[EventType "swiss"]
[EventRounds "9"]
[EventCountry "CZE"]
[SourceTitle "CBM 144 Extra"]
[Source "ChessBase"]
[SourceDate "2011.10.28"]
[SourceVersion "1"]
[SourceVersionDate "2011.10.28"]
[SourceQuality "1"]

1. d4 Nf6 2. Bf4 g6 3. e3 Bg7 4. Nd2 0-0 5. Bd3 d6 6. Ne2 Nbd7 7. c3 b6 8. Bg3 Bb7 9. f3 Rc8 10. 0-0 Nh5 11. Bf2 e5 12. Ng3 Nxg3 13. Bxg3 f5 14. Bf2 Qe7 15. e4 fxe4 16. fxe4 exd4 17. Bxd4 Rxf1+ 18. Qxf1 Rf8 19. Qe2 Ne5 20. Rf1 Rxf1+ 21. Qxf1 Bh6 22. Bxe5 dxe5 23. Qe2 Qg5 24. Bc4+ Kh8 25. Nf3 Qe3+ 26. Kf1 Qxe2+ 27. Bxe2 Bxe4 28. Nxe5 Bf4 29. Nf3 Kg7 30. h3 Kf6 31. Kf2 Bc1 32. b4 Bb2 33. c4 Ba3 34. Nd2 Bc2 35. b5 Ke5 36. Nf3+ Kd6 37. Nd4 Bb1 38. Nc6 Kc5 39. Nxa7 Bxa2 40. Kf3 Bc1 41. Ke4 Bb2 42. g4 Bb1+ 43. Kf4 h6 44. Nc6 g5+ 45. Kg3 Be4 46. Ne7 Be5+ 47. Kf2 Bd6 48. Nf5 Bf8 49. Kg3 Bc2 50. h4 Bb3 51. hxg5 hxg5 52. Ne3 Bd6+ 53. Kf3 Bf4 54. Nd5 Bd6 55. Ne3 Ba2 56. Ke4 Bb1+ 57. Bd3 Ba2 58. Be2 Kb4 59. Kd5 Kc3 60. Nf5 Bf4 61. Ng7 Kd2 62. Bf1 Bb1 63. Ne6 Be3 64. Bg2 Bg6 65. Nxc7 Ke2 66. Be4 Bf7+ 67. Ne6 Kd2 68. Kd6 Ke2 69. Ke7 Bg8 70. Bd5 Bxe6 1/2-1/2

[Event "Ricany op"]
[Site "Ricany"]
[Date "2010.08.22"]
[Round "3"]
[White "Hrdina, Robin"]
[Black "Feierfeil, Jiri"]
[Result "1-0"]
[WhiteElo "1878"]
[BlackElo "1932"]
[PlyCount "47"]
[EventDate "2010.08.21"]
[EventType "swiss"]
[EventRounds "9"]
[EventCountry "CZE"]
[SourceTitle "EXT 2022"]
[Source "ChessBase"]
[SourceDate "2021.10.06"]
[SourceVersion "1"]
[SourceVersionDate "2021.10.06"]
[SourceQuality "1"]

1. e4 c5 2. Nf3 d6 3. d4 cxd4 4. Qxd4 a6 5. Be3 Nc6 6. Qd2 Nf6 7. Nc3 e6 8. 0-0-0 Be7 9. Nd4 0-0 10. f3 Qc7 11. g4 b5 12. g5 Nd7 13. h4 b4 14. Nce2 Nde5 15. Nxc6 Nxc6 16. f4 Rd8 17. h5 f5 18. exf5 Qa5 19. Kb1 exf5 20. h6 g6 21. Bg2 Be6 22. b3 d5 23. Nd4 Nxd4 24. Qxd4 1-0

[Event "Ricany op"]
[Site "Ricany"]
[Date "2009.08.23"]
[Round "2"]
[White "Feierfeil, Jiri"]
[Black "Skala, Jaromir"]
[Result "1/2-1/2"]
[WhiteElo "1885"]
[BlackElo "2065"]
[PlyCount "42"]
[EventDate "2009.08.22"]
[EventType "swiss"]
[EventRounds "9"]
[EventCountry "CZE"]
[SourceTitle "CBM 131 Extra"]
[Source "ChessBase"]
[SourceDate "2009.09.03"]
[SourceVersion "2"]
[SourceVersionDate "2009.09.16"]
[SourceQuality "1"]

1. d4 Nf6 2. c4 e5 3. dxe5 Ng4 4. Nf3 Bc5 5. e3 Nc6 6. Nc3 Ngxe5 7. Nxe5 Nxe5 8. Be2 0-0 9. 0-0 d6 10. Na4 Bb6 11. Nxb6 axb6 12. b3 Qh4 13. Bb2 Be6 14. Qd4 Qxd4 15. exd4 Ng6 16. d5 Bf5 17. g4 Bd7 18. f4 f5 19. g5 Rfe8 20. Bh5 Re4 21. Bxg6 hxg6 1/2-1/2

[Event "Ricany op-A"]
[Site "Ricany"]
[Date "2008.08.25"]
[Round "4"]
[White "Hajek, J."]
[Black "Feierfeil, Jiri"]
[Result "1-0"]
[WhiteElo "1713"]
[BlackElo "1947"]
[PlyCount "85"]
[EventDate "2008.08.23"]
[EventType "swiss"]
[EventRounds "9"]
[EventCountry "CZE"]
[SourceTitle "CBM 126 Extra"]
[Source "ChessBase"]
[SourceDate "2008.11.05"]
[SourceVersion "1"]
[SourceVersionDate "2008.11.05"]
[SourceQuality "1"]

1. e4 c5 2. Nc3 d6 3. f4 e6 4. Nf3 Nc6 5. Bb5 Qc7 6. 0-0 Bd7 7. d4 cxd4 8. Nxd4 Nge7 9. Be3 a6 10. Bxc6 Nxc6 11. Qe2 Be7 12. Rad1 0-0 13. f5 Bf6 14. Nxc6 bxc6 15. Qh5 g6 16. Qg4 exf5 17. exf5 d5 18. Rd3 Qc8 19. Bh6 Re8 20. Rg3 Kh8 21. Bg5 Qd8 22. fxg6 Qb6+ 23. Kh1 Bxg4 24. Bxf6+ Kg8 25. gxf7+ Kf8 26. fxe8Q+ Kxe8 27. Rxg4 Kd7 28. Rg7+ Ke6 29. Re7+ Kd6 30. Rfe1 Qf2 31. R7e6+ Kc7 32. Re7+ Kb6 33. R7e6 Rf8 34. Nxd5+ Ka5 35. Bc3+ Kb5 36. Ne3 Rf7 37. Re8 c5 38. Re6 c4 39. Re5+ Kc6 40. Re6+ Kb7 41. Re5 h5 42. h3 h4 43. Rf1 1-0